Countries by Nationality - Statistics

General Stats
  • This quiz has been taken 87 times
  • The average score is 14 of 15
Answer Stats
Hint Answer % Correct
German Germany
100%
Norweigan Norway
100%
Swiss Switzerland
100%
British United Kingdom
100%
Congolese Republic of the Congo / Democratic Republic of the Congo
99%
Iraqi Iraq
97%
Kazakh Kazakhstan
96%
Slovak Slovakia
96%
Honduran Honduras
95%
Saudi Saudi Arabia
95%
Welsh Wales
93%
Ivorian Ivory Coast
92%
Dutch Netherlands
92%
Herzegovinian Bosnia and Herzegovina
91%
Malagasy Madagascar
63%
No matching quizzes found
Score Distribution
Percent of People with Each Score
Percentile by Number Answered
Your Score History
You have not taken this quiz